• 首页
  • 本馆介绍
  • 公告通知
  • 最新文献
  • 馆藏检索
  • 电子资源
  • 读者导购
  • 参考咨询
  • 我的图书馆
  • 登录
  • 详细信息显示
  • 放入我的书架
  • 预约/预借图书
  • 作者相关作品
  • 分类相关作品
  • 丛书相关作品
  • 出版社相关作品

书目信息

  • 表格格式
  • 工作单格式
  • 卡片格式
题名:
小学数学教学概论
    
 
作者: 马云鹏 主编 ;孙义信 编写
分册:  
出版信息: 延吉   延边大学出版社  1993.5
页数: 318页
开本: 19cm
丛书名: 吉林省小学教师专科自学考试系列丛书
单 册:
中图分类: G623.5
科图分类: 38.6351
主题词: 数学-教学--概论--小学 , 教学-数学--概论--小学
电子资源:
ISBN: 7-5634-0534-8
000 00930nam2 2200289 45
001 0194020864
005 20070724103847.48
010    @a7-5634-0534-8@dCNY5.50
100    @a19940509d1993 em y0chiy0121 ea
101 0  @achi
102    @aCN@b220000
105    @ay z 000yy
200 10 @a小学数学教学概论@AXIAO XUE SHU XUE JIAO XUE GAI LUN@f马云鹏主编@FMA YUN PENG ZHU BIAN@g孙义信等编写
210    @a延吉@c延边大学出版社@d1993.5
215    @a318页@d19cm
225 2  @a吉林省小学教师专科自学考试系列丛书@f赵志明等主编
314    @a马云鹏,东北师范大学教育系任教
314    @a孙义信,吉林省教育学院任教
410  0 @120010@a吉林省小学教师专科自学考试系列丛书
606    @a数学-教学@x概论@x小学
606    @a教学-数学@x概论@x小学
690    @aG623.5@v三版
692    @a38.6351
701  0 @a马云鹏@AMA YUN PENG@4主编
702  0 @a孙义信@ASUN YI XIN@4编写
801  0 @aCN@bTSSF@c20070724
905    @a10447@dG623.5@e343
    
    小学数学教学概论/马云鹏主编/孙义信等编写.-延吉:延边大学出版社,1993.5
    318页;19cm.-(吉林省小学教师专科自学考试系列丛书/赵志明等主编)
    
    
    ISBN 7-5634-0534-8:CNY5.50
    
●
相关链接 在E读中查询图书 在五车中查询图书 在当当中查询图书 在豆瓣中查询图书


正题名:小学数学教学概论     索取号:G623.5/343         预约/预借

序号 登录号 条形码 馆藏地/架位号 状态 备注
1 0767834   207678342   第一样本阅览室/ [索取号:G623.5/343] 在馆    
唐山师范学院图书馆 欢迎您!
大连网信软件有限公司© 版权所有